Statistics for Plants of New Zealand #2

Click here to take the quiz!

General Stats

  • This quiz has been taken 5 times
  • The average score is 10 of 20

Answer Stats

Botanical nameCommon nameMaori name% Correct
Pittosporum eugenioidesLemonwoodTarata
100%
Metrosideros carmineaCarmine RataAkakura
50%
Clematis paniculataWhite ClematisPuawhananga
50%
Dicksonia fibrosaNew Zealand Tree FernWheki-ponga
50%
Pseudopanax arboreusFive FingerWhauwhaupaku
50%
Dianella nigraNew Zealand BlueberryTurutu
50%
Coprosma repensMirror PlantTaupata
50%
Arthropodium cirratumRock LilyRengarenga
50%
Xeronema callistemonPoor Knights LilyRaupo-taranga
50%
Phormium cookianumMountain FlaxWharaiki
50%
Griselinia littoralisBroadleafAkapuka
50%
Asplenium bulbiferumHen and Chicken FernManamana
50%
Cyathea medullarisBlack Tree FernMamaku
50%
Clianthus puniceusKakabeakKowhai-ngatukaka
50%
Myosotidium hortensiaChatham Island Forget-me-notKopukapuka
50%
Parsonsia heterophyllaNew Zealand JasmineKaihua
50%
Hoheria populneaLacebarkHouhere
50%
Pseudopanax crassifoliumLancewoodHoroeka
50%
Myrsine australisRed MatipoMapou
0%
Prumnopitys ferrugineaBrown PineMiro
0%

Score Distribution

Percentile by Number Answered

Percent of People with Each Score

Your Score History

You have not taken this quiz